000 01024cam a22003132 4500
001 29028
003 BD-RjUL
005 20211209051349.0
008 040402s1966 caua b 000 0 eng
035 _a(BD-RjUL)29113
040 _aDLC
_cXAV
_dSER
_dOCL
_dWSU
_dBD-RjUL
_beng
041 _aeng
060 _aWM172
_b.P324i 1966
082 _a616.891
_bPAI 1966
100 1 _aPaul, Gordon L.
_988668
245 1 0 _aInsight vs. desensitization in psychotherapy :
_ban experiment in anxiety reduction /
_c Gordon L. Paul.
260 _aStanford, Calif. :
_bStanford University Press,
_c1966.
300 _a148 p.
_billus.
_c23 cm.
500 _a"Based on ... [the author's] doctoral dissertation in psychology for the University of Illinois."
504 _aBibliography: p. [141]-148.
650 0 _aPsychotherapy.
_988669
650 0 _aAnxiety.
_988670
650 2 _aAnxiety
_988671
650 2 _aBehavior
_988672
650 2 _aPsychotherapy
_988673
942 _2ddc
_cBK
999 _c29028
_d29028